E-security law & strategy

Bibliographic Details
Main Author: Zaid Hamzah (Author)
Format: Book
Language:English
Published: Kelana Jaya, Selangor : Malayan Law Journal Sdn. Bhd. , 2005
Subjects:

MARC

LEADER 00000cam a2200000 7i4500
001 0000006907
005 20150308093000.0
008 022219s2005 my eng
020 |a 9679626326 
050 0 0 |a d16 KPG 80   |b .C65 Z35 2005 
090 0 0 |a d16 KPG 80   |b .C65 Z35 2005 
100 0 |a Zaid Hamzah ,   |e author 
245 1 0 |a E-security law & strategy   |c Zaid Hamzah 
260 |a Kelana Jaya, Selangor :   |b Malayan Law Journal Sdn. Bhd. ,   |c 2005 
300 |a xxxviii, 335 p. ;   |c 25 cm. 
504 |a Includes index 
650 0 |a Computer networks   |x Law and legislation 
650 0 |a Computer networks   |x Law and legislation   |z Malaysia   |x curity measures 
650 0 |a Electronic commerce   |x Law and legislation 
999 |a 1000105678   |b Book   |c Reference   |e Gong Badak Campus